El derecho penal de los inicios del siglo XXI, en la encrucijada entre las garantías penales y el expansionismo irradical (Registro nro. 163484)
[ vista simple ]
| 000 -LEADER | |
|---|---|
| fixed length control field | 01209nam a22002417a 4500 |
| 007 - PHYSICAL DESCRIPTION FIXED FIELD--GENERAL INFORMATION | |
| fixed length control field | cr|||| |||| |
| 008 - FIXED-LENGTH DATA ELEMENTS--GENERAL INFORMATION | |
| fixed length control field | 140827s2014 cu |||||s|||| 00||0 spa d |
| 020 ## - INTERNATIONAL STANDARD BOOK NUMBER | |
| International Standard Book Number | 978-959-7219-16-3 |
| 035 ## - | |
| -- | 12330 |
| 040 ## - CATALOGING SOURCE | |
| Original cataloging agency | vLex |
| 090 ## - | |
| -- | 5137 |
| -- | 5137 |
| 245 13 - TITLE STATEMENT | |
| Title | El derecho penal de los inicios del siglo XXI, en la encrucijada entre las garantías penales y el expansionismo irradical |
| Medium | [Recurso electrónico] / |
| 256 ## - | |
| -- | Servicio en línea |
| 260 ## - PUBLICATION, DISTRIBUTION, ETC. (IMPRINT) | |
| Place of publication, distribution, etc | La Habana: |
| Name of publisher, distributor, etc | Unión Nacional de Juristas de Cuba, |
| Date of publication, distribution, etc | 2014 |
| 300 ## - PHYSICAL DESCRIPTION | |
| Extent | 1 recurso electrónico |
| 500 ## - GENERAL NOTE | |
| General note | Coordinador: Arnel Medina Cuenca Serie ciencias penales y criminología, 1. |
| 506 1# - RESTRICTIONS ON ACCESS NOTE | |
| Terms governing access | Disponible solo en los productos indicados |
| Authorized users | vLex Global |
| -- | vLex Global (Academic Edition, excluding Law Schools) |
| -- | vLex Global (U.S. Academic Edition, Law Schools) |
| -- | vLex Global (U.S. Academic Edition, excluding Law Schools) |
| -- | vLex Global (Academic Edition, Law Schools) |
| 650 04 - SUBJECT ADDED ENTRY--TOPICAL TERM | |
| Topical term or geographic name as entry element | Derecho Penal |
| Geographic subdivision | Cuba |
| 740 0# - | |
| -- | vLex Libros (Servicio en línea) |
| 856 40 - LOCALIZACIÓN Y ACCESO ELECTRÓNICO | |
| Identificador Uniforme del Recurso (URI/URL) | https://app.vlex.com/#/sources/derecho-penal-inicios-del-siglo-xxi-encrucijada-entre-garantias-penales-expansionismo-irradical-12330 |
| 942 ## - | |
| -- | RAA |
| 999 ## - | |
| -- | 163484 |
| -- | 163484 |
No hay ítems disponibles.